La casa de los espíritus

Збережено в:
Бібліографічні деталі
Автор: Allende, Isabel, 1942- (autora)
Формат: Книга
Мова:Іспанська
Опубліковано: Barcelona Plaza and Janes 1984
Редагування:14a. ed
Серія:Colección Literaria
Предмети:
Теги: Додати тег
Немає тегів, Будьте першим, хто поставить тег для цього запису!

MARC

LEADER 00000nam a2200000 a 4500
001 UCN0953
003 CL-VaPUC
008 010406e19840000SP |||||||||||||||||spa|d
082 0 4 |a Ch863  |b ALL  |2 21 
100 |a Allende, Isabel,  |d 1942-  |e autora  |9 318389 
245 1 3 |a La casa de los espíritus 
250 |a 14a. ed 
300 |a 380 p 
942 |c BK 
945 |d 20010406 00:00:00  |a vberengu 
260 |a Barcelona  |b Plaza and Janes  |c 1984 
650 0 |a Novelas chilenas   |9 265425 
650 0 |a Literatura chilena   |9 308278 
583 |a last modification  |c 20010406 00:00:00  |k Rodrigo Vera 
490 0 |a Colección Literaria 
999 |c 294564  |d 294562 
952 |0 0  |1 0  |4 0  |6 CH_863_000000000000000_ALL_1984  |7 0  |8 A  |9 347063  |a BIBEDU  |b BIBEDU  |c ES_NOD  |d 2019-11-20  |i 3712214  |o Ch863 ALL 1984  |p 3712214  |r 2023-08-09  |w 2019-11-20  |y BK  |k LIT